LEADER 02051nam a2200337 i 4500 001 000000361595 003 CaOOAMICUS 005 20250207121056.0 008 250207s2024 be a u000 u fre u 020 $a978-2-503-61503-5 040 $aSeMil$bita 245 00$aAux origines judéennes du christianisme :$bétudes en l'honneur de Simon Claude Mimouni pour son soixante-quinzième anniversaire /$csous la direction éditoriale de José Costa, David Hamidovi? et Pierluigi Piovanelli ; avec la collaboration d'Arnaud Sérandour et Eleonora Serra. 264 1$aTurnhout :$bBrepols,$c2024. 300 $a844 p., [1] carta di tav. :$britr., ill. ;$c24 cm 490 1 $aBibliothèque de l'École des hautes études. Sciences religieuses ;$v207 546 $aContributi in francese, inglese e tedesco 650 4$aGiudaismo e cristianesimo - Storia - Origini.$0(OLS)http://semarc/subject/52435 650 4$aCristianesimo primitivo - [Influssi del] Giudaismo.$0(OLS)http://semarc/subject/57104 700 1 $aCosta, José,$d<1971- >.$0(OLS)http://semarc/name/58263 700 1 $aHamidovi?, David,$d<1974- >.$0(OLS)http://semarc/name/117919 700 1 $aMimouni, Simon Claude,$d<1949- >,$ededicatario miscellanea.$0(OLS)http://semarc/name/22161 700 1 $aSérandour, Arnaud.$0(OLS)http://semarc/name/121464 700 1 $aSerra, Eleonora.$0(OLS)http://semarc/name/121465 700 1 $aPiovanelli, Pierluigi,$d<1961- >.$0(OLS)http://semarc/name/85568 830 0$aBibliothèque de l'École des hautes études. Sciences religieuses ;$v207.$0(OLS)http://semarc/title/20486 850 $aSeMil 852 $aSeMil$W1$xVenegono$y1$m2Y VI 112$j254387$B252551$CSeMilBibl$Z2$F252551 $81 996 $6020$a978-2-503-61503-5$9(OLS)http://semarc/number/302416 996 $6245$aAux origines judéennes du christianisme :$bétudes en l'honneur de Simon Claude Mimouni pour son soixante-quinzième anniversaire$9(OLS)http://semarc/title/452352 996 $6264$aTurnhout :$bBrepols$9(OLS)http://semarc/publisher/29626 LEADER 01048nas a2200241 i 4500 001 000000200186 003 CaOOAMICUS 005 20200127105123.0 008 110405b2010 fr uu u0 0fre r 013 $a178884 040 $aSeMil$bita 245 10$a[2010 : Juillet-Décembre]. 260 $aToulouse :$bÉcole de Théologie,$c2010. 300 $aP. [417]-752 :$b[1] c. di tav. ;$c24 cm. 500 $aArticoli con sintesi in francese [Résumé] e in inglese [Abstract] in coda. - Contiene [Bollettini periodici] : Bulletin d'islamologie 5. ; Bulletin de christologie 1. 774 0 $t[SENZA TITOLO]. - Contiene.$w()275048 774 0 $t[SENZA TITOLO]. - Contiene.$w()275652 850 $aSeMil 852 $aSeMil$W1$xVenegono$y1$m72 6 14BIS$j150715$B150715$CSeMilBibl$Z2$F166002 $85 961 $aAbbonamento: Institut Saint-Thomas-d'Aquin 996 $6245$a[2010 : Juillet-Décembre]$9(OLS)http://semarc/title/427823 996 $6260$aToulouse :$bÉcole de Théologie$9(OLS)http://semarc/publisher/44334